000 00350nam a2200157Ia 4500
003 OSt
005 20240318150833.0
008 170524s9999 xx 000 0 und d
020 _a8120325818
040 _cIIMTU MEERUT
100 _aRajaraman - V.
245 0 _aFundamental of Computer
260 _bP . H . I.
260 _c1999
942 _2ddc
_c02
999 _c6558
_d6558